000 00380pab a2200157 454500
008 180718b1992 xxu||||| |||| 00| 0 eng d
100 _aGhosh, B.N.
245 _aPublic policy: A conceptual note
260 _c1992
300 _ap.64-69.
362 _aJan-Mar
650 _aPublic policy
773 _aIndian Journal of Public Administration
908 _aN
909 _a89053
999 _c89053
_d89053